| 000 | 01067nam a2200301Ia 4500 | ||
|---|---|---|---|
| 003 | OSt | ||
| 005 | 20221007125107.0 | ||
| 006 | a|||||r|||| 00| 0 | ||
| 007 | ta | ||
| 008 | 221006b |||||||| |||| 00| 0 eng d | ||
| 020 |
_a0198556888 (pbk) _cRs.160.00 |
||
| 024 | _a3457 | ||
| 037 |
_bEducational, _cTextual |
||
| 040 |
_aCDL _cCDL _beng |
||
| 041 |
_2eng _aeng |
||
| 082 | _aC9B2:3, N4 | ||
| 100 |
_aSoftley T P _9721499 |
||
| 245 | 0 | _aAtomic spectra by T P Softley | |
| 260 |
_aOxford _bOxford University Press _c1994 |
||
| 300 |
_a91p _ccm. |
||
| 490 | _aOxford chemistry primers; 19 | ||
| 500 | _aIncludes bibliographical references and index; ^mPurchase^n23/CSL/Carc/Cosist/95-96/2629^d1995-06-21; ; 95-96/120^b1995-06-22^c13758/95-96^d1995-06-16^eEducational Book Agency (India)^f1995-06-22^h1995-06-22; ; 1995-07-10^bSB^c1995-12-11 | ||
| 650 |
_a Atomic physics _9714275 |
||
| 650 |
_a Spectroscopy _9479665 |
||
| 650 | _aPhysics | ||
| 942 |
_hC9B2:3, N4 _cTEXL _2CC |
||
| 999 |
_c1214650 _d1214650 |
||